| 000 | 00582cam a22002053a 4500 | ||
|---|---|---|---|
| 001 | 35304 | ||
| 003 | PGUSA | ||
| 005 | 20140828083748.0 | ||
| 008 | 110217s2011||||xxu|||||s|||||000 | eng d | ||
| 040 |
_aPGUSA _beng |
||
| 042 | _adc | ||
| 100 | 1 | _aLynch, Lawrence L. | |
| 245 | 1 | 4 |
_aThe Last Stroke : _ba detective story _h[electronic resource] / _cLawrence L. Lynch |
| 260 |
_bProject Gutenberg, _c2011 |
||
| 506 | _aPublic domain in the USA. | ||
| 516 | _aElectronic text | ||
| 830 | 0 |
_aProject Gutenberg _v35304 |
|
| 856 | 4 | 0 | _uhttp://www.gutenberg.org/ebooks/35304 |
| 942 | _cEB | ||
| 999 |
_c264559 _d264559 |
||